LEADER 01871nam 2200385 n 450 001 996392880503316 005 20200824121714.0 035 $a(CKB)4940000000110389 035 $a(EEBO)2240960243 035 $a(UnM)99866656e 035 $a(UnM)99866656 035 $a(EXLCZ)994940000000110389 100 $a19940414d1658 uy | 101 0 $aeng 135 $aurbn||||a|bb| 200 12$aA patterne for all, especially for noble and honourable persons, to teach them how to die nobly and honourably$b[electronic resource] $eDelivered in a sermon preached at the solemne interment of the corps of the Right Honourable Robert Earle of Warwick. Who aged 70 years 11. months, died April 19. And was honorably buried, May 1. 1658. at Felsted in Essex$fBy Edmund Calamy B.D. and pastor of the church at Aldermanbury 210 $aLondon $cprinted for Edward Brewster, at the Crane in Pauls Church-yard.$d1658 215 $a[8], 39, [1] p 300 $aTitle page in two states: line 12 reads (1) "who aged [blank] died April 19. And was" or (2) "who aged 70 years 11. months, died April 19. and". State 1 "[blank]" indicates a space left for the age to be inserted; "70" is inserted in MS. in Thomason copy. 300 $aAnnotation on Thomason copy: "June 2d". 300 $aReproduction of the original in the British Library. 330 $aeebo-0018 606 $aSermons, English$vEarly works to 1800 606 $aFuneral sermons$y17th century 615 0$aSermons, English 615 0$aFuneral sermons 700 $aCalamy$b Edmund$f1600-1666.$01002065 801 0$bCu-RivES 801 1$bCu-RivES 801 2$bCStRLIN 801 2$bWaOLN 906 $aBOOK 912 $a996392880503316 996 $aA patterne for all, especially for noble and honourable persons, to teach them how to die nobly and honourably$92419384 997 $aUNISA LEADER 02434nam 2200649Ia 450 001 9910792347203321 005 20230721015812.0 010 $a0-8070-0039-6 035 $a(CKB)2670000000015837 035 $a(OCoLC)547487282 035 $a(CaPaEBR)ebrary10331730 035 $a(SSID)ssj0000337593 035 $a(PQKBManifestationID)11242604 035 $a(PQKBTitleCode)TC0000337593 035 $a(PQKBWorkID)10289312 035 $a(PQKB)10578017 035 $a(MiAaPQ)EBC3118063 035 $a(Au-PeEL)EBL3118063 035 $a(CaPaEBR)ebr10331730 035 $a(OCoLC)922968023 035 $a(EXLCZ)992670000000015837 100 $a20090313d2009 uy 0 101 0 $aeng 135 $aurcn||||||||| 181 $ctxt 182 $cc 183 $acr 200 10$aFamily sentence$b[electronic resource] $ethe search for my Cuban-revolutionary, prison-yard, mythic-hero, deadbeat dad /$fJeanine Cornillot 210 $aBoston $cBeacon Press$dc2009 215 $a1 online resource (230 p.) 300 $aBibliographic Level Mode of Issuance: Monograph 311 $a0-8070-0038-8 320 $aIncludes bibliographical references and index. 327 $aFive things I know -- Kids' guidebook to prison -- Open skies -- Shadow fathers -- Men are people too -- The Little Havana abductions -- Brothers big and small -- Spanish lesson -- Man in the house -- Good crimes -- The hunger letters -- Getting by -- I [love] Ponch -- Postcards from prison -- Free at last! -- Hard times, again -- The worst family reunion ever. 606 $aCuban Americans$vBiography 606 $aIrish Americans$vBiography 606 $aFathers and daughters$zUnited States 606 $aChildren of prisoners$zUnited States$vBiography 606 $aIntercultural communication$zUnited States 606 $aFamily reunions$zUnited States 607 $aLittle Havana (Miami, Fla.)$vBiography 607 $aPhiladelphia (Pa.)$vBiography 615 0$aCuban Americans 615 0$aIrish Americans 615 0$aFathers and daughters 615 0$aChildren of prisoners 615 0$aIntercultural communication 615 0$aFamily reunions 676 $a306.874/2 700 $aCornillot$b Jeanine$f1965-$01550881 801 0$bMiAaPQ 801 1$bMiAaPQ 801 2$bMiAaPQ 906 $aBOOK 912 $a9910792347203321 996 $aFamily sentence$93810087 997 $aUNINA